| 000 | 00399nam a2200145 a 4500 | ||
|---|---|---|---|
| 005 | 20140412111309.0 | ||
| 008 | 030416s19uu xx 00 eng d | ||
| 050 |
_aER _bNa151 |
||
| 245 |
_aName it, Paula / _cillustrated by Ichiko Fuyuno. |
||
| 260 |
_aTokyo : _bFroebel-kan co., ltd. |
||
| 300 | _a1 v. (unp.) ; ill. | ||
| 440 | _aMy Shape Books Nouns | ||
| 650 | _aPicture book | ||
| 999 |
_c103911 _d103911 |
||